[Event "Sparkassen-Open A"]
[Site "Heusenstamm, Martinsee"]
[Date "2023.11.23"]
[Round "1.55"]
[White "Wahlund, Max"]
[Black "Mandalka, Justus"]
[Result "0-1"]
[WhiteElo "2079"]
[BlackElo "1751"]
[PlyCount "68"]
[EventDate "2023.??.??"]
[WhiteTeam "Europchess Brussels"]
[BlackTeam "SK Bad Homburg 1927"]

1. d4 d5 2. c4 e6 3. Nf3 c5 4. e3 Nc6 5. Nc3 Nf6 6. a3 a6 7. cxd5 exd5 8. Be2 Bf5 9. O-O Rc8 10. Re1 Bd6 11. dxc5 Bxc5 12. b4 Bd6 13. Bb2 O-O 14. Nd4 Nxd4 15. Qxd4 Re8 16. Rad1 Be5 17. Qd2 Bxc3 18. Bxc3 Ne4 19. Qxd5 Qxd5 20. Rxd5 Nxc3 21. Rxf5 Nxe2+ 22. Kf1 Nc3 23. g4 g6 24. Rf4 Re4 25. Rf6 Rxg4 26. Rb6 Rc7 27. f3 Rh4 28. Kg2 Nb5 29. Kg3 Rhc4 30. a4 Nc3 31. b5 Nxa4 32. Rd6 axb5 33. Rb1 Nc3 34. Ra1 b4 0-1

[Event "Sparkassen-Open A"]
[Site "Heusenstamm, Martinsee"]
[Date "2023.11.23"]
[Round "1.56"]
[White "Binner, Peter"]
[Black "Akhmatovski, Maxim"]
[Result "0-1"]
[WhiteElo "1793"]
[BlackElo "2070"]
[PlyCount "58"]
[EventDate "2023.??.??"]
[WhiteTeam "Vorw.Orient Mainz"]
[BlackTeam "SV Oberursel"]

1. e4 c5 2. Nf3 e6 3. d3 Nc6 4. g3 Nge7 5. Nbd2 g6 6. Bg2 Bg7 7. O-O O-O 8. Re1 d6 9. Nf1 Rb8 10. c3 e5 11. Be3 f5 12. Qd2 f4 13. gxf4 Bg4 14. Ng5 h6 15. Nh3 Qd7 16. f5 gxf5 17. Bxh6 f4 18. Bxg7 Kxg7 19. Ng5 f3 20. Bh1 Ng6 21. Ng3 Nh4 22. h3 Rf4 23. hxg4 Qxg4 24. Nxf3 Rxf3 25. Re3 Rf7 26. Qe2 Qg5 27. Bg2 Kh6 28. Nf5+ Rxf5 29. exf5 Qxg2# 0-1

[Event "Sparkassen-Open A"]
[Site "Heusenstamm, Martinsee"]
[Date "2023.11.23"]
[Round "1.57"]
[White "Capelja, Christian"]
[Black "Arkhipenko, Denis"]
[Result "1-0"]
[WhiteElo "2007"]
[BlackElo "1658"]
[PlyCount "131"]
[EventDate "2023.??.??"]
[WhiteTeam "SpVgg Rommelshausen"]
[BlackTeam "SC Heusenstamm"]

1. e4 c6 2. d4 d5 3. e5 Bf5 4. h4 h6 5. g4 Be4 6. f3 Bh7 7. h5 e6 8. Bd3 Bxd3 9. Qxd3 Nd7 10. Ne2 Be7 11. Be3 Bh4+ 12. Kf1 Be7 13. Nd2 Qc7 14. Kg2 O-O-O 15. c3 f6 16. f4 Rf8 17. Nf3 Bd8 18. b4 Nb6 19. Nd2 Ne7 20. a4 f5 21. a5 Na8 22. Nb3 fxg4 23. Nc5 Nf5 24. Nxe6 Qf7 25. Nxf8 Rxf8 26. Ng3 Nh4+ 27. Kf2 Bg5 28. f5 Nxf5 29. Nxf5 g3+ 30. Kg2 Qxf5 31. Qxf5+ Rxf5 32. Bxg5 Rxg5 33. Raf1 Nc7 34. Rf3 Nb5 35. Rxg3 Rxg3+ 36. Kxg3 Nxc3 37. Kf3 Ne4 38. Rg1 Ng5+ 39. Ke3 Kd7 40. Rf1 Ke7 41. a6 b5 42. Rc1 Kd7 43. Rg1 Ke6 44. Rg2 Ke7 45. Rg4 Ke6 46. Rg2 Ke7 47. Rc2 Kd7 48. Kd3 Ne6 49. Rf2 Ke7 50. Rf1 Ng5 51. Rc1 Kd7 52. Ke3 Ne6 53. Rd1 Ke7 54. Rd2 Ng5 55. Kf4 Ke6 56. Rc2 Kd7 57. Rc1 Ne6+ 58. Kf5 Nxd4+ 59. Kg6 Ne6 60. Kf7 Nf4 61. Rf1 Ne6 62. Rg1 c5 63. bxc5 Nxc5 64. Rg6 b4 65. e6+ Nxe6 66. Rxe6 1-0

[Event "Sparkassen-Open A"]
[Site "Heusenstamm, Martinsee"]
[Date "2023.11.23"]
[Round "1.58"]
[White "Merz, Leander"]
[Black "Swoboda, Philipp"]
[Result "0-1"]
[WhiteElo "1743"]
[BlackElo "2030"]
[PlyCount "86"]
[EventDate "2023.??.??"]
[WhiteTeam "Schachforum Darmstadt 1994"]
[BlackTeam "SV Frankfurt Nord 1926"]

1. e4 e5 2. Nf3 Nc6 3. Bc4 Bc5 4. c3 Nf6 5. d4 exd4 6. cxd4 Bb4+ 7. Nbd2 Nxe4 8. d5 Ne7 9. O-O Bxd2 10. Nxd2 Nxd2 11. Bxd2 d6 12. Re1 O-O 13. Bg5 f6 14. Bd2 Bf5 15. Qf3 Bg6 16. h4 b5 17. Bxb5 Rb8 18. a4 Bf7 19. Qe3 a6 20. Qxe7 axb5 21. Ba5 Rb7 22. axb5 Qc8 23. Rec1 Bxd5 24. Rc3 Re8 25. Rxc7 Rxc7 26. Qxc7 Qg4 27. f3 Qd4+ 28. Kh1 Qxh4+ 29. Kg1 Bxf3 30. gxf3 Qg3+ 31. Kf1 Qxf3+ 32. Kg1 Re4 33. Qc8+ Kf7 34. Qc7+ Kg6 35. Qc2 f5 36. Be1 Rg4+ 37. Kh2 Qf4+ 38. Kh1 Qf1+ 39. Kh2 Qg1+ 40. Kh3 Qh1+ 41. Qh2 Qf3+ 42. Bg3 Rh4+ 43. Kxh4 Qh5# 0-1

[Event "Sparkassen-Open A"]
[Site "Heusenstamm, Martinsee"]
[Date "2023.11.23"]
[Round "1.59"]
[White "Bardorz, Jana"]
[Black "Marchese, Gaspare"]
[Result "1-0"]
[WhiteElo "2050"]
[BlackElo "1787"]
[PlyCount "59"]
[EventDate "2023.??.??"]
[WhiteTeam "TSV 1869 e. V. Rottendorf"]
[BlackTeam "SC Matt im Park Ffm"]

1. e4 e6 2. d4 d5 3. e5 c5 4. c3 Nc6 5. Nf3 Bd7 6. Bd3 cxd4 7. cxd4 Nb4 8. Be2 Rc8 9. Nc3 Ne7 10. O-O Nf5 11. Bf4 Be7 12. g4 Nh4 13. Nxh4 Bxh4 14. Qd2 Be7 15. Be3 g5 16. a3 Nc6 17. b4 a6 18. Bd3 h6 19. Ne2 h5 20. f3 Qb6 21. Kh1 hxg4 22. fxg4 Rh3 23. Bxg5 Rxd3 24. Qxd3 Bxg5 25. Qh7 Be7 26. Qg8+ Bf8 27. Qxf7+ Kd8 28. Qxf8+ Kc7 29. Qd6+ Kd8 30. Rf8# 1-0

[Event "Sparkassen-Open A"]
[Site "Heusenstamm, Martinsee"]
[Date "2023.11.23"]
[Round "1.60"]
[White "Schellen, Sven"]
[Black "Herrmann, Jakob"]
[Result "0-1"]
[WhiteElo "1785"]
[BlackElo "2037"]
[PlyCount "54"]
[EventDate "2023.??.??"]
[WhiteTeam "SV Frankfurt Nord 1926"]
[BlackTeam "SAV Torgelow-Drögeheide 90"]

1. d4 Nf6 2. Nf3 g6 3. c4 Bg7 4. Nc3 O-O 5. Bf4 d6 6. e3 Nbd7 7. Be2 c6 8. h3 Qe8 9. O-O e5 10. Bh2 Qe7 11. c5 dxc5 12. Nxe5 cxd4 13. exd4 Nb6 14. Bf3 Be6 15. Qe2 Rad8 16. Rad1 Rfe8 17. Rfe1 Qb4 18. Qd2 Nfd7 19. Bxc6 Bxe5 20. Bxb7 Bxh2+ 21. Kxh2 Nc4 22. Qc1 Qxb7 23. d5 Bf5 24. Qg5 Qxb2 25. Rc1 Qd2 26. Qh4 Rxe1 27. Qxd8+ Nf8 0-1

[Event "Sparkassen-Open A"]
[Site "Heusenstamm, Martinsee"]
[Date "2023.11.23"]
[Round "1.61"]
[White "Erdmann, Stefan"]
[Black "Blomer, Moritz"]
[Result "1-0"]
[WhiteElo "2062"]
[BlackElo "1758"]
[PlyCount "91"]
[EventDate "2023.??.??"]
[WhiteTeam "SK Bad Homburg 1927"]
[BlackTeam "SG Porz e. V."]

1. d4 d5 2. c4 e6 3. Nf3 Nf6 4. g3 b6 5. Bg2 Bb7 6. O-O Be7 7. Qc2 O-O 8. Rd1 Nbd7 9. cxd5 exd5 10. Nh4 Re8 11. Nc3 Ne4 12. Nf5 Nxc3 13. bxc3 Bf8 14. c4 c6 15. a4 dxc4 16. Qxc4 Qc8 17. e4 Nf6 18. Bh3 Ba6 19. Qc2 Kh8 20. Bg2 Qe6 21. e5 Nd5 22. Ne3 Nxe3 23. Bxe3 Rac8 24. f4 g6 25. Rdc1 Bb7 26. a5 Bb4 27. axb6 axb6 28. Qb2 Qe7 29. Ra7 Ra8 30. Rxb7 Qxb7 31. Qxb4 Rac8 32. Rb1 Qa8 33. Qc4 Qa3 34. Bf2 Kg7 35. Bxc6 Re7 36. d5 Rec7 37. Qb3 Qxb3 38. Rxb3 Rxc6 39. dxc6 Rxc6 40. Rxb6 Rc1+ 41. Kg2 h5 42. h3 Rc4 43. Kf3 Ra4 44. Rb7 Kg8 45. g4 hxg4+ 46. Kxg4 1-0

[Event "Sparkassen-Open A"]
[Site "Heusenstamm, Martinsee"]
[Date "2023.11.23"]
[Round "1.62"]
[White "Sreeramulu, Aarush"]
[Black "Özdemir, Ali Özden"]
[Result "1-0"]
[WhiteElo "1716"]
[BlackElo "2045"]
[PlyCount "90"]
[EventDate "2023.??.??"]
[WhiteTeam "SK Marburg 1931/72"]
[BlackTeam "SK Langen"]

1. d4 Nf6 2. c4 g6 3. Nc3 Bg7 4. e4 d6 5. Nf3 O-O 6. Be2 e5 7. dxe5 dxe5 8. Qxd8 Rxd8 9. Bg5 Re8 10. Nd5 Nxd5 11. cxd5 c6 12. Bc4 cxd5 13. Bxd5 Na6 14. O-O Nb4 15. Bb3 Be6 16. Bxe6 Rxe6 17. a3 Nc6 18. Rfd1 f5 19. Be3 f4 20. Bd2 Bf6 21. Bc3 g5 22. h3 h5 23. Rd7 b6 24. Rad1 Kh8 25. R1d6 Rae8 26. b4 a6 27. a4 g4 28. hxg4 hxg4 29. b5 axb5 30. axb5 Nb8 31. Rxe6 Rxe6 32. Rb7 gxf3 33. Rxb8+ Kg7 34. gxf3 Kf7 35. Rb7+ Ke8 36. Kf1 Be7 37. Ke2 Bc5 38. Rc7 Kd8 39. Rh7 Bd6 40. Kd3 Re7 41. Rh8+ Kd7 42. Kc4 Bc5 43. Kd5 Bxf2 44. Bxe5 Be3 45. Rb8 Rxe5+ 1-0

[Event "Sparkassen-Open A"]
[Site "Heusenstamm, Martinsee"]
[Date "2023.11.23"]
[Round "1.63"]
[White "Lenhard, Martin"]
[Black "Raumanns, Niklas"]
[Result "1-0"]
[WhiteElo "2060"]
[BlackElo "1729"]
[PlyCount "81"]
[EventDate "2023.??.??"]
[WhiteTeam "SV 1920 Hofheim"]
[BlackTeam "SC Bergen-Enkheim 1922"]

1. e4 c6 2. d4 d5 3. f3 dxe4 4. fxe4 e5 5. Nf3 Bg4 6. Bc4 Nd7 7. O-O Ngf6 8. c3 Be7 9. Be3 O-O 10. Nbd2 Qc7 11. Qc2 Rad8 12. Bb3 Bh5 13. Rae1 Ng4 14. Kh1 Nxe3 15. Rxe3 Bg6 16. Qc1 Bf6 17. Bc2 Qb6 18. Nc4 Qa6 19. Ncxe5 Bxe5 20. dxe5 Qxa2 21. Rd1 Qa5 22. Red3 Nc5 23. Rxd8 Rxd8 24. b4 Rxd1+ 25. Qxd1 Nxe4 26. bxa5 Nf2+ 27. Kg1 Nxd1 28. Bxd1 Kf8 29. Kf2 Ke7 30. Ke3 c5 31. Bb3 b5 32. Bd5 Bc2 33. Ng5 b4 34. cxb4 cxb4 35. Nxf7 b3 36. Kd2 Bg6 37. Bxb3 Bxf7 38. Bxf7 Kxf7 39. Ke3 Ke6 40. Ke4 g5 41. g4 1-0

[Event "Sparkassen-Open A"]
[Site "Heusenstamm, Martinsee"]
[Date "2023.11.23"]
[Round "1.64"]
[White "Bender, Tim"]
[Black "Burkhardt, Holger"]
[Result "0-1"]
[WhiteElo "1669"]
[BlackElo "2034"]
[PlyCount "82"]
[EventDate "2023.??.??"]
[WhiteTeam "SC Hennweiler"]
[BlackTeam "SK 1858 Gießen"]

1. Nf3 d6 2. b3 e5 3. d4 e4 4. Nfd2 d5 5. c4 c6 6. g3 h5 7. Bg2 h4 8. O-O Nf6 9. Nc3 Na6 10. cxd5 cxd5 11. f3 hxg3 12. fxe4 gxh2+ 13. Kh1 Bh3 14. Bxh3 Rxh3 15. Rf3 Rxf3 16. exf3 dxe4 17. Ndxe4 Nxe4 18. Nxe4 Qd7 19. Bf4 Be7 20. Qe2 Kf8 21. Qxh2 Kg8 22. Rg1 Qf5 23. Qh6 Qh7 24. Qxh7+ Kxh7 25. d5 f5 26. Ng5+ Bxg5 27. Bxg5 Kg6 28. d6 Rh8+ 29. Bh4+ Kf7 30. Re1 Rxh4+ 31. Kg2 Rd4 32. Re7+ Kf6 33. Rxb7 Rxd6 34. Kg3 Rd2 35. a4 Nc5 36. Rxa7 g5 37. b4 Ne6 38. b5 Nf4 39. Ra6+ Ke5 40. Re6+ Kxe6 41. b6 Rg2# 0-1

[Event "Sparkassen-Open A"]
[Site "Heusenstamm, Martinsee"]
[Date "2023.11.23"]
[Round "1.65"]
[White "Leibbrand, Udo"]
[Black "Moldenhauer, Lennart"]
[Result "1-0"]
[WhiteElo "2053"]
[BlackElo "1569"]
[PlyCount "65"]
[EventDate "2023.??.??"]
[WhiteTeam "SC Pforzheim 1906"]
[BlackTeam "SV Oberursel"]

1. c4 g6 2. d4 Bg7 3. Nc3 d6 4. e4 e5 5. Nf3 Nc6 6. dxe5 dxe5 7. Qxd8+ Nxd8 8. Nd5 Ne6 9. Ng5 Nxg5 10. Bxg5 f6 11. O-O-O c6 12. Nc7+ Ke7 13. Be3 Bg4 14. Nxa8 Bxd1 15. Bxa7 Nh6 16. Bc5+ Ke6 17. Nb6 Rd8 18. h3 Nf7 19. Be3 Bh6 20. c5 Bxe3+ 21. fxe3 Ng5 22. Bc4+ Ke7 23. Rxd1 Rxd1+ 24. Kxd1 Nxe4 25. b4 f5 26. a3 f4 27. exf4 exf4 28. Ke2 g5 29. Bd3 Ng3+ 30. Kf3 h6 31. Nc8+ Kd7 32. Nd6 Kc7 33. Nf5 1-0

[Event "Sparkassen-Open A"]
[Site "Heusenstamm, Martinsee"]
[Date "2023.11.23"]
[Round "1.66"]
[White "Burkhardt, Jan"]
[Black "McAdam, Mark"]
[Result "1-0"]
[WhiteElo "1688"]
[BlackElo "2037"]
[PlyCount "103"]
[EventDate "2023.??.??"]
[WhiteTeam "Sfr.Mainz 1928"]
[BlackTeam "SC Brett vorm Kopp Ffm"]

1. e4 c6 2. d4 d5 3. Nc3 dxe4 4. Nxe4 Bf5 5. Ng3 Bg6 6. Nf3 Nd7 7. Bd3 Ngf6 8. Bxg6 hxg6 9. Qe2 e6 10. Bg5 Be7 11. O-O-O Qc7 12. Rhe1 a5 13. h3 a4 14. Ne5 Nxe5 15. dxe5 Nd5 16. Bxe7 Qxe7 17. Ne4 O-O 18. c4 Nb4 19. a3 Na6 20. Rd6 Qh4 21. Qe3 Rfc8 22. Rd7 b5 23. Qf3 Rf8 24. Red1 bxc4 25. R1d4 Qh5 26. Qxh5 gxh5 27. Rxc4 Rac8 28. Rxa4 Nc7 29. Nd6 Ra8 30. Rf4 Nd5 31. Rfxf7 Rxf7 32. Rxf7 Rd8 33. Rf3 Kh7 34. Nf7 Re8 35. Ng5+ Kg6 36. h4 Re7 37. b4 Nb6 38. Rc3 Kf5 39. Rxc6 Nd7 40. Nf3 Ke4 41. Kd2 Nxe5 42. Nxe5 Kxe5 43. Rc5+ Kd4 44. Rxh5 Ra7 45. Ra5 Rf7 46. Ke2 Ke4 47. f3+ Kd4 48. g4 Rc7 49. Kf2 e5 50. b5 Rc2+ 51. Kg3 Rc3 52. b6 1-0

[Event "Sparkassen-Open A"]
[Site "Heusenstamm, Martinsee"]
[Date "2023.11.23"]
[Round "1.67"]
[White "Rosenberger, Frank"]
[Black "Merges, Harald"]
[Result "1-0"]
[WhiteElo "2050"]
[BlackElo "1750"]
[PlyCount "49"]
[EventDate "2023.??.??"]
[WhiteTeam "SK 1980 Gernsheim"]
[BlackTeam "SG Reil-Kinheim"]

1. e4 e6 2. d4 d5 3. Nc3 dxe4 4. Nxe4 Nd7 5. Nf3 Ngf6 6. Ned2 Be7 7. Bd3 O-O 8. O-O b6 9. c3 Bb7 10. Qe2 c5 11. Re1 Qc7 12. Ne5 Bd6 13. f4 g6 14. Ndf3 h5 15. Ng5 Rae8 16. Bd2 Nb8 17. Rac1 Bc8 18. Qf2 Kg7 19. Qg3 Re7 20. Ngxf7 Rfxf7 21. Qxg6+ Kf8 22. Qh6+ Ke8 23. Qh8+ Rf8 24. Bg6+ Ref7 25. Qxf6 1-0

[Event "Sparkassen-Open A"]
[Site "Heusenstamm, Martinsee"]
[Date "2023.11.23"]
[Round "1.68"]
[White "Jansen, Malte"]
[Black "Kutzner, Stephen"]
[Result "0-1"]
[WhiteElo "1685"]
[BlackElo "2039"]
[PlyCount "74"]
[EventDate "2023.??.??"]
[WhiteTeam "SJ Herborn 1998"]
[BlackTeam "Godesberger SK 1929 e. V"]

1. e4 c5 2. Nf3 Nc6 3. d4 cxd4 4. Nxd4 Nf6 5. Nc3 e5 6. Ndb5 d6 7. Be2 a6 8. Na3 b5 9. Nd5 Nxe4 10. Bf3 f5 11. Be3 Rb8 12. O-O Be6 13. Bxe4 fxe4 14. f3 Ne7 15. fxe4 Bxd5 16. exd5 Ng6 17. Qf3 Rb7 18. c4 b4 19. c5 bxa3 20. c6 Re7 21. Bg5 Qb6+ 22. Kh1 axb2 23. Bxe7 Bxe7 24. Qg4 Nf4 25. Rab1 O-O 26. Qd7 Qd8 27. Rxb2 Qxd7 28. cxd7 Rd8 29. Rd1 Rxd7 30. g3 Nh5 31. Rb6 a5 32. Ra6 Bd8 33. Kg2 Kf7 34. Kf3 Ke7 35. Ke3 Nf6 36. a4 Rc7 37. Rc6 Nxd5+ 0-1

[Event "Sparkassen-Open A"]
[Site "Heusenstamm, Martinsee"]
[Date "2023.11.23"]
[Round "1.69"]
[White "Vihan, Shourya"]
[Black "Rüll, Michael"]
[Result "1-0"]
[WhiteElo "2044"]
[BlackElo "1753"]
[PlyCount "82"]
[EventDate "2023.??.??"]
[WhiteTeam "SV 1920 Hofheim"]
[BlackTeam "SC 1952 Obertshausen"]

1. d4 Nf6 2. c4 g6 3. Nc3 Bg7 4. e4 O-O 5. Be3 d6 6. f3 c5 7. dxc5 dxc5 8. Qxd8 Rxd8 9. Bxc5 Nc6 10. Nge2 Nd7 11. Be3 Nde5 12. Nf4 Nb4 13. Rc1 g5 14. Nfd5 Ned3+ 15. Bxd3 Nxd3+ 16. Ke2 Nxc1+ 17. Rxc1 Be6 18. Bxg5 Bxc3 19. Nxe7+ Kf8 20. Rxc3 h6 21. Bh4 Rd7 22. Nd5 b5 23. b3 bxc4 24. bxc4 Rc8 25. Kd3 Rb8 26. Rc2 Rb1 27. Ke2 f5 28. Ke3 Rdb7 29. Bf6 fxe4 30. fxe4 Kf7 31. Bc3 Rf1 32. Kd4 Bg4 33. c5 Bd1 34. Rd2 Ba4 35. h3 Ke6 36. Rd3 Rbf7 37. Rg3 Rd1+ 38. Kc4 Rb7 39. Rg6+ Kd7 40. Rd6+ Ke8 41. c6 Rb6 1-0

[Event "Sparkassen-Open A"]
[Site "Heusenstamm, Martinsee"]
[Date "2023.11.23"]
[Round "1.70"]
[White "Olson, Philip Christoph"]
[Black "Schmidbauer, Frank"]
[Result "0-1"]
[WhiteElo "1576"]
[BlackElo "2042"]
[PlyCount "50"]
[EventDate "2023.??.??"]
[WhiteTeam "SC Bad Nauheim"]
[BlackTeam "SV Wollishofen Zürich"]

1. d4 d6 2. e4 Nf6 3. Nc3 g6 4. Bf4 c6 5. Qd2 Qa5 6. f3 Nbd7 7. O-O-O b5 8. Kb1 Nb6 9. e5 Nfd5 10. Nxd5 Qxd2 11. Nf6+ exf6 12. Rxd2 Nd5 13. Bg3 Be6 14. Bd3 fxe5 15. dxe5 dxe5 16. Bxe5 f6 17. Bd4 Kf7 18. Ne2 Bh6 19. f4 Rhe8 20. g3 Nb4 21. Nc3 Nxd3 22. Rxd3 Bf8 23. Re1 Rad8 24. Red1 Bf5 25. R3d2 Bg4 0-1

[Event "Sparkassen-Open A"]
[Site "Heusenstamm, Martinsee"]
[Date "2023.11.23"]
[Round "1.71"]
[White "Berkes, Alexander"]
[Black "Billerbeck, Nick"]
[Result "1-0"]
[WhiteElo "1974"]
[BlackElo "1659"]
[PlyCount "87"]
[EventDate "2023.??.??"]
[WhiteTeam "SK Langen"]
[BlackTeam "SV Unterkochen"]

1. e4 c5 2. Nf3 d6 3. Bb5+ Nd7 4. c3 Ngf6 5. Qe2 a6 6. Ba4 b5 7. Bc2 Bb7 8. O-O e6 9. d4 Be7 10. a4 Qb6 11. axb5 axb5 12. Rxa8+ Bxa8 13. Bf4 O-O 14. Nbd2 Bb7 15. Ra1 Ra8 16. Qf1 Rxa1 17. Qxa1 h6 18. h3 Qa6 19. Qxa6 Bxa6 20. e5 dxe5 21. Nxe5 Nxe5 22. Bxe5 Nd7 23. Bc7 cxd4 24. cxd4 b4 25. Nf3 Nf6 26. Ne5 Nd5 27. Ba5 Bb5 28. Bb3 Nf4 29. Bb6 Nd3 30. Nxd3 Bxd3 31. Bc5 Bxc5 32. dxc5 Bb5 33. f4 Kf8 34. Kf2 Ke7 35. g3 Kd7 36. Ke3 Kc6 37. Kd4 Bf1 38. Ba4+ Kc7 39. h4 f6 40. Bb3 Bh3 41. Kc4 Bg2 42. Kxb4 e5 43. fxe5 fxe5 44. Kc4 1-0

[Event "Sparkassen-Open A"]
[Site "Heusenstamm, Martinsee"]
[Date "2023.11.23"]
[Round "1.72"]
[White "Zerhusen, Martin"]
[Black "Baumgartl, Günther"]
[Result "1-0"]
[WhiteElo "1673"]
[BlackElo "2040"]
[PlyCount "167"]
[EventDate "2023.??.??"]
[WhiteTeam "SV Oberursel"]
[BlackTeam "SC 1952 Obertshausen"]

1. d4 d5 2. c4 e5 3. cxd5 Qxd5 4. e3 Nc6 5. Nc3 Bb4 6. Bd2 Bxc3 7. bxc3 exd4 8. cxd4 Bf5 9. Qb3 Qxb3 10. axb3 Nge7 11. Nf3 O-O 12. Be2 a5 13. O-O Nd5 14. Bb5 Ncb4 15. Rfc1 c6 16. Bc4 Nb6 17. Ne5 Be4 18. Bxb4 axb4 19. Rxa8 Nxa8 20. Nd7 Rd8 21. Nc5 Bd5 22. Nxb7 Rb8 23. Bxd5 cxd5 24. Nc5 Nb6 25. Ra1 Kf8 26. Kf1 Ke8 27. Ra7 Rc8 28. Rb7 Rc6 29. Ke2 h5 30. h4 g6 31. f4 f5 32. Kd2 Kd8 33. Na4 Nxa4 34. bxa4 Rc4 35. a5 Kc8 36. Rb5 Kc7 37. Rb6 b3 38. Rxb3 Ra4 39. Rb5 Ra2+ 40. Kc3 Rxg2 41. Rxd5 Rh2 42. Rc5+ Kd6 43. Rb5 Re2 44. Kd3 Ra2 45. Rb6+ Kc7 46. Rxg6 Ra3+ 47. Ke2 Rxa5 48. Rg5 Kd6 49. Rxh5 Ke6 50. Rh8 Kf7 51. Rc8 Ra2+ 52. Kf3 Rh2 53. Rc5 Rh3+ 54. Ke2 Kf6 55. Rc6+ Kf7 56. Rh6 Kg7 57. Rh5 Kf6 58. Kd3 Rh1 59. Rh8 Kg7 60. Re8 Rxh4 61. Re5 Kf6 62. Kc4 Rh1 63. Kd5 Ra1 64. Re6+ Kf7 65. Rc6 Ra3 66. Ke5 Rxe3+ 67. Kxf5 Ke7 68. d5 Rd3 69. Re6+ Kf7 70. Re5 Rd1 71. Ke4 Re1+ 72. Kd4 Rf1 73. Re4 Kf6 74. Kc5 Ra1 75. d6 Ra5+ 76. Kb6 Rd5 77. Kc6 Rd1 78. d7 Rc1+ 79. Kd6 Rd1+ 80. Kc7 Rc1+ 81. Kd8 Kf7 82. Rb4 Rc2 83. Rb7 Ra2 84. Kc8 1-0

[Event "Sparkassen-Open A"]
[Site "Heusenstamm, Martinsee"]
[Date "2023.11.23"]
[Round "1.73"]
[White "Pfarr, Michael"]
[Black "Kirchmann, Sascha"]
[Result "1/2-1/2"]
[WhiteElo "2039"]
[BlackElo "1710"]
[PlyCount "110"]
[EventDate "2023.??.??"]
[WhiteTeam "SK 1928 Mömbris"]
[BlackTeam "SAbt SU Mühlheim"]

1. e4 d5 2. exd5 Qxd5 3. Nf3 Nf6 4. Nc3 Qa5 5. d4 c6 6. Bd2 Qc7 7. Bc4 Bf5 8. Ne2 e6 9. Ng3 Bg6 10. c3 Nbd7 11. Qe2 Bd6 12. Nh4 Nb6 13. Bb3 O-O-O 14. Nxg6 hxg6 15. Qf3 Nh5 16. Ne4 Bf4 17. g3 Bxd2+ 18. Nxd2 Nf6 19. O-O-O Nbd5 20. Nc4 Rhf8 21. h4 Nb6 22. Ne5 Nbd7 23. Nd3 Nb6 24. Rhe1 Nbd5 25. Kb1 Kb8 26. Qe2 Nd7 27. f4 a6 28. c4 N5b6 29. Qe3 Rc8 30. Nf2 Nf6 31. Re2 Rcd8 32. Red2 Rfe8 33. Nd3 Nfd7 34. Ne5 Nf6 35. Bc2 Rh8 36. b3 Nc8 37. Qf2 Nd6 38. Qe2 Nf5 39. Bxf5 gxf5 40. Qe3 Ne4 41. Rc2 f6 42. Nd3 c5 43. dxc5 Nxc5 44. Rcc1 Ne4 45. c5 Qa5 46. Kb2 Rc8 47. Rc4 Rhd8 48. b4 Qa4 49. Rdc1 Rd5 50. c6 Qb5 51. c7+ Ka8 52. Ka3 Qd7 53. Nb2 Nd6 54. Rc5 Nb5+ 55. Kb3 Nd4+ 1/2-1/2

[Event "Sparkassen-Open A"]
[Site "Heusenstamm, Martinsee"]
[Date "2023.11.23"]
[Round "1.74"]
[White "Rabiya, Karim"]
[Black "Harringer, Manfred"]
[Result "0-1"]
[WhiteElo "1737"]
[BlackElo "2031"]
[PlyCount "46"]
[EventDate "2023.??.??"]
[WhiteTeam "SK Niederbrechen 1948"]
[BlackTeam "Bergische SF 1923 Ber"]

1. e4 e5 2. Bc4 Nf6 3. Nc3 Bc5 4. d3 d6 5. f4 Nc6 6. f5 h6 7. a3 a5 8. g4 Nd4 9. g5 hxg5 10. Bxg5 c6 11. Nf3 Qc7 12. Nxd4 Bxd4 13. Bxf6 gxf6 14. Qf3 b5 15. Ba2 Bb7 16. Nd1 O-O-O 17. c3 Bb6 18. Ne3 Rdg8 19. O-O-O Qe7 20. Ng4 Kc7 21. h4 Qf8 22. h5 Qg7 23. Rh4 Qg5+ 0-1

[Event "Sparkassen-Open A"]
[Site "Heusenstamm, Martinsee"]
[Date "2023.11.23"]
[Round "1.76"]
[White "Degenhardt, Andreas"]
[Black "Wenzel, Calvin"]
[Result "0-1"]
[WhiteElo "1714"]
[BlackElo "1993"]
[PlyCount "47"]
[EventDate "2023.??.??"]
[WhiteTeam "SC 1970 Lorsch"]
[BlackTeam "SK 1980 Gernsheim"]

1. d4 Nf6 2. Nf3 c5 3. e3 g6 4. c3 Bg7 5. Nbd2 b6 6. Qc2 O-O 7. Be2 d5 8. e4 Bb7 9. exd5 Nxd5 10. dxc5 Nf4 11. cxb6 Qd7 12. g3 Nxe2 13. Kxe2 Qe6+ 14. Kf1 Rd8 15. Rg1 Qh3+ 16. Ke1 Rd6 17. Qb3 Re6+ 18. Kd1 Qg4 19. c4 Na6 20. bxa7 Nc5 21. Qa3 Rd8 22. Qxc5 Qxf3+ 23. Kc2 Qd3+ 24. Kd1 0-1

[Event "Sparkassen-Open A"]
[Site "Heusenstamm, Martinsee"]
[Date "2023.11.23"]
[Round "1.77"]
[White "Junker, Christian"]
[Black "Gruber, Reiner"]
[Result "1-0"]
[WhiteElo "2023"]
[BlackElo "1732"]
[PlyCount "95"]
[EventDate "2023.??.??"]
[WhiteTeam "SV 1926 Neu-Isenburg"]
[BlackTeam "SK 1927 Dieburg"]

1. Nf3 d5 2. g3 Nf6 3. d3 g6 4. Bg2 Bg7 5. Nbd2 c6 6. e4 dxe4 7. dxe4 Bg4 8. h3 Bxf3 9. Qxf3 Nbd7 10. O-O O-O 11. Qe2 Qc7 12. a4 Rad8 13. a5 b6 14. Re1 e5 15. b3 Rfe8 16. axb6 axb6 17. Nc4 b5 18. Nb2 Nc5 19. b4 Ne6 20. c3 Nd7 21. Be3 Ra8 22. h4 f5 23. Bh3 Rxa1 24. Rxa1 f4 25. Ra7 Qd6 26. Qd2 Qxd2 27. Bxd2 Ndf8 28. Kf1 Bf6 29. Ke2 Re7 30. Ra6 Rc7 31. Nd3 fxg3 32. fxg3 Kf7 33. Be3 Nd7 34. Bg4 Ke7 35. Nc1 Nd8 36. Nb3 Nb7 37. Bxd7 Kxd7 38. Bb6 Rc8 39. Ra7 Rb8 40. Na5 Kc8 41. Nxc6 g5 42. h5 g4 43. Kd3 h6 44. Ra1 Nd6 45. Nxb8 Kxb8 46. Rf1 Bg5 47. Rf8+ Kb7 48. Be3 1-0

[Event "Sparkassen-Open A"]
[Site "Heusenstamm, Martinsee"]
[Date "2023.11.23"]
[Round "1.78"]
[White "Zarriess, Benjamin"]
[Black "Mährlein, Christoph"]
[Result "0-1"]
[WhiteElo "1732"]
[BlackElo "1986"]
[PlyCount "120"]
[EventDate "2023.??.??"]
[WhiteTeam "Hamburg"]
[BlackTeam "SC Pforzheim 1906"]

{[%evp 0,117,19,38,42,37,76,65,55,59,50,22,39,45,42,67,68,57,78,56,123,95,91,54,338,64,112,91,86,72,83,86,69,68,63,59,56,57,95,76,110,83,83,45,56,49,69,52,52,49,51,36,29,31,75,40,66,-3,14,-27,-5,-24,-24,-26,-4,-13,-7,-11,-11,-15,-12,-24,-17,-24,-24,-27,-22,-33,-13,-16,-2,-8,0,-10,-5,-37,-21,-43,-34,-62,-62,-89,-84,-86,-57,-53,-71,-70,-65,-84,-96,-88,-88,-107,-113,-113,-109,-108,-107,-108,-73,-176,-135,-143,-171,-174,-185,-222,-296,-303]} 1. e4 d5 2. exd5 Qxd5 3. Nc3 Qd6 4. d4 Nf6 5. Nb5 Qb6 6. Nf3 a6 7. Na3 Bg4 8. Be2 Nbd7 9. O-O O-O-O 10. Nc4 Qe6 11. Ne3 Bh5 12. c3 Qb6 13. Nc4 Qc6 14. Qb3 e6 15. Nfe5 Nxe5 16. Nxe5 Qe8 17. Bxh5 Nxh5 18. Re1 Rd5 19. Be3 f6 20. Nf3 g5 21. Rad1 Rb5 22. Qc2 Qg6 23. Qxg6 hxg6 24. Bc1 Ng7 25. Re4 Rd5 26. Rde1 Rd7 27. g3 c5 28. Kg2 cxd4 29. Rxd4 Rxd4 30. Nxd4 e5 31. Nc2 Bc5 32. Rd1 Rd8 33. Rxd8+ Kxd8 34. Be3 Be7 35. Bb6+ Kd7 36. f3 Kc6 37. Bg1 f5 38. Kf1 Ne6 39. Ke2 Nc7 40. Kd3 Nd5 41. c4 Nf6 42. a3 g4 43. fxg4 Nxg4 44. h3 e4+ 45. Ke2 Ne5 46. b3 Nf3 47. Be3 Bd6 48. Kf2 a5 49. b4 Ne5 50. Nd4+ Kd7 51. c5 Nd3+ 52. Kg2 Be7 53. Nc2 Kc6 54. Nd4+ Kd5 55. bxa5 Bxc5 56. Nc2 Bxe3 57. Nxe3+ Kd4 58. Nc2+ Kc3 59. Ne3 Kd2 60. Nf1+ Ke2 0-1

[Event "Sparkassen-Open A"]
[Site "Heusenstamm, Martinsee"]
[Date "2023.11.23"]
[Round "1.79"]
[White "Schröder, Jürgen"]
[Black "Stephanblome, Felix"]
[Result "1-0"]
[WhiteElo "2009"]
[BlackElo "1683"]
[PlyCount "91"]
[EventDate "2023.??.??"]
[WhiteTeam "SC Matt im Park Ffm"]
[BlackTeam "SV 1934 Ffm-Griesheim"]

1. e4 e5 2. Bc4 Nc6 3. Nc3 Nf6 4. d3 Bb4 5. Nge2 d5 6. exd5 Nxd5 7. O-O Nxc3 8. Nxc3 Bxc3 9. bxc3 O-O 10. Qf3 Qd6 11. a4 Ne7 12. Re1 Rb8 13. Qe3 b6 14. Qxe5 Qxe5 15. Rxe5 Ng6 16. Rg5 Re8 17. Be3 Bb7 18. a5 Re7 19. d4 Be4 20. Bd3 Bxd3 21. cxd3 Rd7 22. Rb5 a6 23. Rb3 b5 24. Kf1 c5 25. g3 Re8 26. Rd1 cxd4 27. Bxd4 f6 28. Re1 Rxe1+ 29. Kxe1 Ne5 30. Bxe5 fxe5 31. Ke2 Kf7 32. Rb4 Ke6 33. Ke3 Rc7 34. c4 bxc4 35. Rxc4 Rxc4 36. dxc4 Kd6 37. Ke4 Kc5 38. Kxe5 Kxc4 39. f4 h6 40. g4 Kb4 41. f5 Kxa5 42. h4 Kb6 43. g5 hxg5 44. hxg5 Kc7 45. f6 gxf6+ 46. Kxf6 1-0